Técnicas de minería de datos e inteligencia de negocios : (Registro nro. 6639)

Detalles MARC
000 -LEADER
fixed length control field 01573nam a22002537a 4500
003 - CONTROL NUMBER IDENTIFIER
control field OSt
005 - DATE AND TIME OF LATEST TRANSACTION
control field 20200305123547.0
008 - FIXED-LENGTH DATA ELEMENTS--GENERAL INFORMATION
fixed length control field 200305s2014 sp ad||g |||| 00| 0 spa d
020 ## - INTERNATIONAL STANDARD BOOK NUMBER
International Standard Book Number 9788415452904
040 ## - CATALOGING SOURCE
Original cataloging agency CO-JMCR
Transcribing agency CO-JMCR
041 ## - LANGUAGE CODE
Language code of text/sound track or separate title spa
082 04 - DEWEY DECIMAL CLASSIFICATION NUMBER
Classification number 004.657 /
Item number P944t
100 1# - MAIN ENTRY--PERSONAL NAME
Personal name Pérez Lopéz, César,
Relator term autor
9 (RLIN) 1204
245 10 - TITLE STATEMENT
Title Técnicas de minería de datos e inteligencia de negocios :
Remainder of title IBM SPSS Modeler /
Statement of responsibility, etc. César Pérez Lopéz
250 ## - EDITION STATEMENT
Edition statement 1a. edición.
260 ## - PUBLICATION, DISTRIBUTION, ETC.
Place of publication, distribution, etc. Madrid :
Name of publisher, distributor, etc. Garcita,
Date of publication, distribution, etc. 2014
300 ## - PHYSICAL DESCRIPTION
Extent 456 páginas :
Other physical details ilustraciones y gráficas en blanco y negro ;
Dimensions 24 cm.
505 ## - FORMATTED CONTENTS NOTE
Formatted contents note Introducción a la minería de datos -- Entorno de trabajo de ibm spss modeler -- Fase de solución en ibm spss modeler -- Fase de exploración en minería de datos. Nodos exploratorios en ibm spss modelers Fase de exploración con ibm spss modeler -- Fases de modificación (transformación) en el proceso de minería de datos -- Fase de modelización en el proceso de minería de datos técnicas predictivas -- Fases de modelización en minería de datos. Arboles de decisión -- Fase de modelización en minería de datos. Redes neuronales -- Fase de modelización en minería de datos. técnicas de segmentación
521 ## - TARGET AUDIENCE NOTE
Target audience note IBM SPSS modeler es una herramienta integrada de minería de datos (Data Mining), Bisiness Intelligence (Bi) y big data. Permite trabajar con diversas fuentes de orígenes de datos.
546 ## - LANGUAGE NOTE
Language note spa
650 24 - SUBJECT ADDED ENTRY--TOPICAL TERM
Topical term or geographic name entry element Data mining
9 (RLIN) 1205
650 24 - SUBJECT ADDED ENTRY--TOPICAL TERM
Topical term or geographic name entry element Sistemas de información en la gestión
9 (RLIN) 1206
942 ## - ADDED ENTRY ELEMENTS (KOHA)
Source of classification or shelving scheme Dewey Decimal Classification
Koha item type Books
Existencias
Withdrawn status Lost status Source of classification or shelving scheme Damaged status Not for loan Home library Current library Shelving location Date acquired Source of acquisition Cost, normal purchase price Total Checkouts Full call number Barcode Date last seen Date last checked out Copy number Price effective from Koha item type
    Dewey Decimal Classification     Biblioteca Pública José María del Castillo y Rada Biblioteca Pública José María del Castillo y Rada Processing Center 12/19/2019 Donación 0.00 1 004.657 / P944t 430000277 05/16/2024 02/22/2024 Ej.1 03/05/2020 Books